Les matériels de la Marine en photos - Statistiques

Statistiques générales
  • Ce quiz a été pris 14 fois
    7 depuis la dernière actualisation
  • Le résultat moyen est 12 sur 62
Statistiques - réponses
Par images Hint Réponse % Correct
Nom d'un général Porte-avions {Charles de Gaulle}
100%
Région d'Aliénor Frégate multi-missions de classe {Aquitaine}
71%
Vent désagréable Porte-aéronefs de classe {Mistral}
71%
Au loin Frégate de classe {Horizon}
57%
Diable ou fûté Bâtiment de sauvetage le {Malin}
43%
Coup de vent Dassault {Rafale}
43%
Héros du nouveau-monde Frégate de classe {La Fayette}
43%
Victorieux Submersible classe Le {Triomphant}
43%
Pierre précieuse Submersible classe {Rubis}
43%
Chat sauvage Westland {Lynx}
43%
Félin parfois noir Aérospatiale AS565 {Panther}
29%
Fleuve Bâtiment de soutien et d’assistance métropolitain de classe {Loire}
29%
Navigateur disparu Bâtiment hydrographique de classe {Lapérouse}
29%
Bonne question Bâtiment hydrographique {Pourquoi pas ?}
29%
Insecte bruyant Chaland multi-missions de classe {Cigale}
29%
Dieu forgeron Chasseur de mines de classe {Vulcain}
29%
2x5 Dassault Falcon {10}
29%
Oiseau anglais Dassault {Falcon} 50M
29%
Cousin du croco NHIndustries NH90 {Caïman}
29%
Oiseau rose Patrouilleur de classe {Flamant}
29%
Navigateur disparu Patrouilleur de classe {Lapérouse}
29%
Rentre à la ruche RIAS ou Remorqueur {Abeille}
29%
Amiral Submersible classe {Suffren}
29%
Poisson escorteur Sud-aviation SA 365 {Dauphin}
29%
Chevalier d entrecasteaux Bâtiment de soutien et d {assistance} outre-mer
14%
Félin sauvage Bâtiment-école de classe {Léopard}
14%
Flamme flageolante Bâtiment-école nommé {Feu follet}
14%
Mathématicien Bâtiment essais et mesures nommé {Monge}
14%
Océan Bréguet {Atlantic}
14%
Compagnon de Jason BSAD ou Bâtiment de soutien et de dépollution {Argonaute}
14%
Anagramme Mulfra Cargo devenu patrouilleur nommé {Fulmar}
14%
Chasseur de mines classe {Eridan}
14%
Chargement CTM ou Chaland de {transport de matériel}
14%
Bleu Ecume NG ou Ecume {Nouvelle génération}
14%
Sur terre ou sur mer EDA-R ou Engin de {débarquement amphibie rapide}
14%
Sur terre ou sur mer EDA-S ou Engin de {débarquement amphibie standard}
14%
Cher à Fabre d'Eglantine Frégate de classe {Floréal}
14%
Ingénieur du génie maritime Navire collecteur de renseignements de classe {Dupuy-de-Lôme}
14%
Protection Navire {plastron} d'entrainement
14%
Héros de la Résistance Patrouilleur de classe {d'Estienne d'Orves}
14%
Affluent du Rhône Pétrolier ravitailleur de classe {Durance}
14%
Nom d'une étoile Remorqueur de sonars de classe {Antarès}
14%
Oiseau de chanson Sud-aviation SA 316 {Alouette} III
14%
Vent de pays chauds Bâtiment de soutien polyvalent de classe {Alizé}
0%
Qui donne confiance Bâtiment-école de classe {Engageante}
0%
Plante grimpante fleurie Bâtiment-école de classe {Glycine}
0%
Néréide Bâtiment expérimental {Thétis}
0%
Ingénieur hydrographe Bâtiment hydrographique et océanographique de classe {Beautemps-Beaupré}
0%
Instrument de navigation Brise-glace {L Astrolabe}
0%
Rebelle Cotre-école nommé {Mutin}
0%
CC Dassault Falcon {200}
0%
Cousin du caracal Drone Camcopter S-100 {Serval}
0%
Anagramme : Icalai Drone Survey Copter {Aliaca]
0%
Zodiac Ecume ou Embarcation {commando à usage multiple embarquable}
0%
Semi rigide récent EDO NG ou Embarcation de {drome opérationnelle de nouvelle génération}
0%
Pour troupes d'élite ETRACO ou Embarcation de {transport rapide pour commandos}
0%
Galinacée jolie Goélette-école de classe {Belle Poule}
0%
AWACS Grumman E2 [Hawkeye}
0%
Assurance Patrouilleur Antilles-Guyane de classe {La Confiance}
0%
Ancien gouverneur du Tchad Patrouilleur d {Outre-mer}
0%
Marin militaire VFM ou vedette de {Fusiliers marins}
0%
Animal blanc pourtant petit Yawl-école nommé la {Grande Hermine}
0%
Aucun quiz correspondant
Distribution des résultats
% des personnes avec chaque résultat
Percentile par nombre de réponses
Votre historique - résultats
Vous n’avez pas pris ce quiz depuis la dernière actualisation